Patagonia chilena : historia /

Con un prólogo escrito por el recientemente fallecido Enrique Campos Menéndez, este libro recopila los antecedentes históricos del inmenso territorio que comprende la Patagonia chilena. En la obra, escrita en castellano y en inglés, se profundiza sobre la cuestión de límites y el difícil asentamient...

Full description

Bibliographic Details
Main Author: Fantini Jarpa, Francisco
Format: Libro
Language:Spanish
Published: Santiago, Chile Patagonia Media 2007
Edition:1a. ed.
Subjects:
Online Access:

MARC

LEADER 00000cam a2200000 a 4500
001 023999
003 UAHC_CL
005 20170803122326.0
008 120103s2007 cl 000 spa
020 |a 9789563107746 
040 |a UAHC_CL  |c UAHC_CL  |d UAHC_CL 
082 0 4 |a 983.644  |b F216  |2 21 
100 1 |a Fantini Jarpa, Francisco 
245 1 0 |a Patagonia chilena :  |b historia /  |c Francisco Fantini Jarpa ; prólogo por Enrique Campos Menéndez. 
250 |a 1a. ed. 
260 |b Patagonia Media  |a Santiago, Chile  |c 2007 
300 |a 75 p. 
520 |a Con un prólogo escrito por el recientemente fallecido Enrique Campos Menéndez, este libro recopila los antecedentes históricos del inmenso territorio que comprende la Patagonia chilena. En la obra, escrita en castellano y en inglés, se profundiza sobre la cuestión de límites y el difícil asentamiento de las comunidades en la Patagonia chilena. A partir de los testimonios históricos de personajes como Francisc Drake, Charles Darwin, y Antoine de Saint Exupery este libro ofrece bastante información sobre un territorio que la mayoría de los chilenos desconoce. Esta publicación además cuenta con fotografías exclusivas de Guy Wenborne y de Fernando Balmaceda. 
650 4 |a PATAGONIA (ARGENTINA Y CHILE)  |x HISTORIA 
651 4 |a FRUTILLAR (CHILE)  |x HISTORIA 
653 |a ANTROPOLOGIA 
900 |a 983.644 FAN 
942 |c BK 
952 |0 0  |1 0  |4 0  |6 983_644000000000000_FAN  |7 0  |8 General  |9 48209  |a BC  |b BC  |c General  |d 2017-08-03  |l 0  |o 983.644 FAN  |p 1400058  |r 2026-01-13 00:00:00  |t 1  |w 2017-08-03  |y BK 
999 |c 23999  |d 23999